Les 20 villes les plus peuplées de Vendée - Statistiques

Statistiques générales
  • Ce quiz a été pris 302 fois
    298 depuis la dernière actualisation
  • Le résultat moyen est 9 sur 20
Statistiques - réponses
Population Villes % Correct
54 952 La Roche-sur-Yon
99%
48 402 Les Sables-d'Olonne
92%
22 494 Challans
78%
16 453 Les Herbiers
75%
7 069 Saint-Gilles-Croix-de-Vie
62%
13 471 Fontenay-le-Comte
58%
9 483 Luçon
58%
8 741 Saint-Jean-de-Monts
48%
10 146 Aizenay
45%
8 447 Chantonnay
37%
12 682 Saint-Hilaire-de-Riez
37%
5 597 Pouzauges
33%
20 605 Montaigu-Vendée
32%
8 626 Le Poiré-sur-Vie
28%
8 161 Talmont-Saint-Hilaire
25%
6 064 Mortagne-sur-Sèvre
16%
6 235 Bellevigny
13%
9 399 Essarts en Bocage
10%
7 974 Sèvremont
6%
6 391 Aubigny-Les Clouzeaux
4%
Aucun quiz correspondant
Distribution des résultats
% des personnes avec chaque résultat
Percentile par nombre de réponses
Votre historique - résultats
Vous n’avez pas pris ce quiz depuis la dernière actualisation